Circuitos Latinoamericanos. Circuitos de los medios (Record no. 1900)

MARC details
000 -LEADER
campo de control de longitud fija 01214nam a2200145 4500
008 - DATOS DE LONGITUD FIJA--INFORMACIÓN GENERAL
campo de control de longitud fija 707 C578c
020 ## - NÚMERO INTERNACIONAL ESTÁNDAR DEL LIBRO
Número Internacional Estándar del Libro 9789872182236
082 ## - NÚMERO DE LA CLASIFICACIÓN DECIMAL DEWEY
Número de clasificación 707
Número de ítem C578c
100 ## - ENTRADA PRINCIPAL--NOMBRE DE PERSONA
Nombre de persona Converti, Julia (coordinación)
9 (RLIN) 7308
245 ## - MENCIÓN DEL TÍTULO
Título Circuitos Latinoamericanos. Circuitos de los medios
Resto del título interacción, roles y perspectivas
260 ## - PUBLICACIÓN, DISTRIBUCIÓN, ETC.
Lugar de publicación, distribución, etc. Buenos Aires
Nombre del editor, distribuidor, etc. Fundación arteBA
Fecha de publicación, distribución, etc. 2006
300 ## - DESCRIPCIÓN FÍSICA
Extensión 212 p.
Otras características físicas il.
Dimensiones 22 x 15 cm
505 ## - NOTA DE CONTENIDO CON FORMATO
Título 19/05. Cambios y efectos del arte latinoamericano en los medios masivos de comunicación norteamericanos a través de las notas y críticas a exposiciones
-- 20/05. Presencia del arte latinoamericano en las revistas de arte internacionales, ediciones en inglés (USA - Europa)
-- 21/05. Revistas de arte regionales desde y de América Latina y España. Direcciones editoriales y circuitos de distribución regionales e internacionales
-- 22/05. Revistas de crítica cultural en la región. Su política editorial ligada al arte latinoamericano
-- 23/05. Diarios de gran circulación: política editorial y mercado de arte latinoamericano
650 ## - PUNTO DE ACCESO ADICIONAL DE MATERIA--TÉRMINO DE MATERIA
Subdivisión general arte contemporáneo
-- arte latinoamericano
-- arte - investigación
-- arte - revistas
-- arte - editoriales
-- arte - crítica cultural
-- arte - medios de comunicación
9 (RLIN) 7309
Holdings
Estatus retirado Estado de pérdida Fuente del sistema de clasificación o colocación Estado de daño No para préstamo Biblioteca de origen Biblioteca actual Ubicación en estantería Fecha de adquisición Total de préstamos Signatura topográfica completa Código de barras Visto por última vez Precio de reemplazo Tipo de ítem Koha
    Clasificación Decimal Dewey     Biblioteca LadoV Biblioteca LadoV   06/03/2020   707 C578c 002972 06/03/2020 06/03/2020 Material 01